[Event "I IRT CXG 2025"]
[Site "Rio de Janeiro"]
[Date "2025.04.15"]
[Round "7.4"]
[White "Chaves, Jorge Antonio Torre"]
[Black "Santos Filho, Tadeu Souza"]
[Result "0-1"]
[WhiteElo "1873"]
[BlackElo "2014"]
[Annotator "Chessbase - SF 17.1"]
[PlyCount "92"]
[EventDate "2025.??.??"]
[EventCountry "BRA"]

1. Nf3 {[%eval 14,0]} e6 {[%eval 14,0]} 2. g3 {[%eval 1,0]} f5 {[%eval 49,0]} 3. c4 {[%eval 5,0]} Nf6 {[%eval 5,0]} 4. Bg2 {[%eval 56,0]} a5 {[%eval 52,0]} (4... g6 5. O-O Bg7 6. Nc3 O-O 7. d3 d5 8. cxd5 exd5 9. Bf4 c6 10. e4 d4 11. Qb3+ Kh8 12. e5 dxc3 13. exf6 Qxf6 14. Be5 Qf7 15. Qxc3 Nd7 16. Ng5 Qe7 17. Bxg7+ Qxg7 18. Qxg7+ Kxg7 19. Ne6+ {Ahmad,K (2391)-Stefansson,V (2551) Eforie Nord ROU 2025 1-0 (51)}) 5. a3 $146 {[%eval 55,0]} (5. O-O b6 (5... Na6 6. d4 Be7 7. b3 O-O 8. Bb2 Ne4 9. Nbd2 Nxd2 10. Qxd2 c6 11. Bc3 Bb4 12. a3 Bxc3 13. Qxc3 Nc7 14. Rfe1 b5 15. Ne5 a4 16. e3 axb3 17. cxb5 Nxb5 18. Qxb3 Nc7 19. Rec1 Nd5 {Winkeler,U-Dreckmeier,D Germany 1992 ½-½}) (5... Be7 6. d4 O-O 7. Nc3 Bb4 8. Qb3 Bxc3 9. Qxc3 d6 10. b3 Nc6 11. a3 Ne4 12. Qc2 e5 13. Bb2 exd4 14. Nxd4 Nxd4 15. Bxd4 Qe7 16. Rfe1 Bd7 17. Rab1 c5 18. Bc3 Bc6 19. e3 Qf7 {Karnar,M (2232)-Pazlar,M (2073) Slovenia 2018 1-0 (55)}) 6. Nc3 Bb7 7. d4 Bb4 8. Qc2 O-O 9. Bg5 Bxc3 10. Bxf6 Qxf6 11. Qxc3 d6 12. Rfd1 Qe7 13. a3 a4 14. Rac1 Nd7 15. Ne5 Bxg2 16. Nxd7 Qxd7 17. Kxg2 f4 18. Rd3 Ra5 19. e4 fxe3 {Mueller,M (1807)-Heldt,R (1858) Oberhof 2013 1-0 (64)}) 5... d5 {[%eval 6,0]} 6. b3 {[%eval 32,0]} Bd6 {[%eval 57,0]} 7. Bb2 {[%eval 38,0] Against e5} O-O {[%eval 54,0]} 8. Qc2 {[%eval 34,0] White is slightly better.} Qe7 {[%eval 44,0]} 9. d4 {[%eval 17,0] [#] Threatens to win with c5.} c6 {[%eval 14,0]} 10. Nbd2 {[%eval 13,0]} Ne4 {[%eval 28,0]} 11. e3 $6 {[%eval 32,0] Inaccuracy. O-O was best.} (11. O-O) 11... Kh8 $6 {[%eval 29,27] [%wdl 97,885,18] Inaccuracy. b6 was best.} (11... b6 12. O-O Nd7 13. Nxe4 fxe4 14. Nd2 Nf6 15. f3 exf3 16. Nxf3 Ba6 17. a4) 12. h4 $6 {[%eval -46,23] [%wdl 10,832,158] Inaccuracy. O-O was best.} (12. O-O) 12... Kg8 {[%eval 6,0]} 13. Nxe4 {[%eval -51,24] [%wdl 6,836,158]} (13. Ne5 {[%eval 1,30] [%wdl 43,916,41]}) 13... fxe4 $15 {[%eval 35,0]} 14. Ng5 $6 {[%eval -112,23] [%wdl 0,392,608] Inaccuracy. Ne5 was best.} (14. Ne5 Bd7) 14... Nd7 $17 {[%eval -96,0]} 15. f4 {[%eval -100,0]} c5 $2 {[%eval 0,26] [%wdl 25,951,24] Mistake. Nf6 was best.} (15... Nf6 16. c5) 16. O-O $6 {[%eval -63,23] [%wdl 2,794,204] Inaccuracy. dxc5 was best.} (16. dxc5 Nxc5 17. O-O-O) 16... h6 {[%eval 38,0] [#] White must now prevent ...cxd4.} 17. Nh3 {[%eval 48,0]} cxd4 {[%eval 44,0]} 18. exd4 $6 {[%eval -144,24] [%wdl 0,152,848] Inaccuracy. Bxd4 was best.} (18. Bxd4 Bxa3 19. Nf2) 18... Nf6 {[%eval -44,0]} 19. Qe2 {[%eval -49,0] Prevents Nh5.} b6 {[%eval -77,0]} 20. g4 $6 {[%eval -230,25] [%wdl 0,7,993] Inaccuracy. a4 was best.} (20. a4 Qe8) 20... Ba6 {[%eval -117,24] [%wdl 0,344,656]} (20... Qe8 $19 {[%eval -230,25] [%wdl 0,7,993] And now ...Qg6 would win.} 21. Nf2 a4) 21. g5 {[%eval -83,0]} Nh7 {[%eval -65,26] [%wdl 2,793,205]} (21... Ne8 $17 {[%eval -132,25] [%wdl 0,223,777][%cal Ba5a4] Hoping for ...a4!} 22. a4 Rc8) 22. Qg4 $6 {[%eval -207,23] [%wdl 0,15,985] Inaccuracy. a4 was best.} (22. a4 Rf5) 22... hxg5 {[%eval -23,0]} (22... dxc4 23. bxc4 Bxc4 24. Rfe1 $14) 23. hxg5 {[%eval -38,0]} {[%tqu "En","","","","a5a4","",10]} g6 $6 {[%eval -49,27] [%wdl 2,885,113] Inaccuracy. a4 was best.} (23... dxc4 24. Bxe4 (24. Qh5 Bb7 $15) 24... g6 25. Bxg6 $18 (25. Bxa8 c3 $16)) (23... a4 24. f5 (24. Qh5 $2 axb3 25. cxd5 exd5 $19) 24... exf5 25. Rxf5 Rxf5 26. Qxf5 Bb7) 24. Rf2 $6 {[%eval -154,26] [%wdl 0,100,900] Inaccuracy. a4 was best.} (24. a4 Rac8 25. Rf2 Rf7 26. Bf1 Nf8 27. Rc2 Qd7 28. Qg3 Bb7 29. Rac1 dxc4) 24... a4 $1 {[%eval -38,0]} 25. cxd5 {[%eval -29,0]} exd5 {[%eval -198,0]} 26. Bf1 $2 {[%eval -402,21] [%wdl 0,0,1000]} (26. bxa4 {[%eval -180,25] [%wdl 0,33,967] is a better defense.} Bc4 27. Bf1) 26... Bc8 $19 {[%eval -300,0]} 27. Qh4 {[%eval -239,0]} axb3 $6 {[%eval -134,0] Inaccuracy. Bxh3 was best.} (27... Bxh3 28. Bxh3 e3 29. Re2 Rxf4 30. Qh6 Qe4 31. Bc1 Rh4 32. Rxe3 Bh2+ 33. Kf2) 28. Re1 {[%eval -161,0]} Bxa3 {[%eval -155,0]} 29. Re3 {[%eval -108,0]} Qb4 {[%eval -294,0]} 30. Bc3 {[%eval -291,0]} Qe7 {[%eval -298,0]} 31. Rh2 {[%eval -295,0]} Bd6 {[%eval -272,0]} 32. Qh6 {[%eval -256,0]} Bf5 {[%eval -296,0]} 33. Rf2 {[%eval -385,0]} Qd7 {[%eval -236,0]} 34. Kh1 {[%eval -368,0]} Rf7 {[%eval -364,0]} 35. Qh4 {[%eval -364,0]} Nf8 {[%eval -367,0][%cal Bh7f8,Bf8e6,Be6f4,Bf4d3][%mdl 32]} 36. Rh2 {[%eval -334,0]} Rh7 {[%eval -339,0]} 37. Qe1 {[%eval -429,0]} Ra2 {[%eval -494,0]} 38. Bb2 {[%eval -583,0]} Ne6 $6 {[%eval -318,0] Inaccuracy. Rxb2 was best.} (38... Rxb2 39. Rxb2 Bxh3 40. Kg1 Bxf4 41. Rg3 Bxf1 42. Rf2 Qf5 43. Rxf1 e3 44. Rxf4) 39. Qc1 $6 {[%eval -545,0] Inaccuracy. Kg1 was best.} (39. Kg1 Nxf4 40. Nxf4 Bxf4 41. Rf2 Qd6 42. Ree2 Bg3 43. Qc3 Bxf2+ 44. Rxf2 Rxb2) 39... Nxf4 {[%eval -599,0]} 40. Rc3 {[%eval -692,0]} Nd3 {[%eval -609,0]} 41. Bxd3 {[%eval -803,0]} exd3 {[%eval -875,0] Black mates.} 42. Nf4 {[%eval -868,0]} Be4+ {[%eval -32749,0]} 43. Kg1 {[%eval -32749,0]} Rxh2 {[%eval -32751,0]} 44. Rc8+ {[%eval -32751,0]} Kf7 {[%eval -32753,0]} 45. Kxh2 {[%eval -32753,0]} {[%tqu "En","","","","a2b2","",10]} Rxb2+ $1 {[%eval -32755,0]} 46. Kg3 {[%eval -32763,0]} (46. Qxb2 Qg4) 46... Rg2+ {[%eval -32765,0] Weighted Error Value: White=0.74/Black=0.28 (precise) PRECISÃO STOCKFISH 17.1: BRANCAS 89% PRETAS 93%} 0-1

[Event "I IRT CXG 2025"]
[Site "Rio de Janeiro"]
[Date "2025.04.15"]
[Round "7.5"]
[White "Mendes, Jorge Alberto Dacal"]
[Black "Rovedo, Salomão"]
[Result "1/2-1/2"]
[WhiteElo "1870"]
[BlackElo "1727"]
[Annotator "Chessbase - SF 17.1"]
[PlyCount "67"]
[EventDate "2025.??.??"]
[EventCountry "BRA"]

1. Nf3 {[%eval 14,0]} Nf6 {[%eval 23,0]} 2. g3 {[%eval 11,0]} b6 {[%eval 31,0]} 3. d4 {[%eval 3,0]} Bb7 {[%eval 27,0]} 4. c4 {[%eval 2,0]} e6 {[%eval 26,0]} 5. Bg2 {[%eval 2,0]} Be7 {[%eval 25,0]} 6. O-O {[%eval 17,0]} O-O {[%eval 29,0]} 7. Nc3 {[%eval 21,0]} d6 $6 {[%eval 87,0] Inaccuracy. d5 was best.} (7... d5 8. Ne5 Nbd7 9. Bf4 c6 10. e4 Nxe5 11. dxe5 Nxe4 12. Nxe4) 8. Qc2 {[%eval 8,0]} Na6 {[%eval 103,0]} (8... h6 9. e4 Nc6 10. Rd1 Nd7 11. a3 e5 12. d5 Ncb8 13. Be3 Nf6 14. h3 Bc8 15. Ne1 Nh7 16. Nd3 f5 {[%eval 247,27] [%wdl 990,10,0]} (16... a5 $16 {[%eval 107,29] [%wdl 554,444,2]}) 17. f4 $18 exf4 18. Nxf4 {Strongly threatening Ne6.} Bg5 19. Qd2 $2 {[%eval 61,27] [%wdl 214,781,5]} (19. Bd4 $18 {[%eval 274,26] [%wdl 997,3,0]}) 19... Bxf4 $14 20. Bxf4 fxe4 21. Nxe4 Nd7 22. g4 Nc5 23. Nxc5 {Komic,I (2291)-Jovanovic,N (2306) Neum 2002 1-0 (51)}) (8... c5 9. Rd1 {[%eval 19,29] [%wdl 73,903,24]} (9. d5 $16 {[%eval 71,29] [%wdl 289,706,5]}) 9... cxd4 10. Nxd4 Bxg2 11. Kxg2 Qc7 12. b3 Nbd7 13. e4 a6 14. f3 Rac8 {[%cal Bb6b5]} 15. a4 {Prevents b5.} Rfd8 16. Be3 h6 17. Qa2 Qb7 18. Qb2 Ne5 19. Rac1 g5 {[%eval 36,27] [%wdl 77,918,5]} (19... d5 {[%eval -20,31] [%wdl 10,947,43]} 20. cxd5 exd5) 20. h3 $14 Kh7 21. Qc2 Rg8 22. Kf2 Rg6 23. Rg1 {Hari,C (2041)-Pedersen,H (2230) Koge 2022 0-1 (54)}) 9. a3 $6 {[%eval 52,27] [%wdl 181,810,9] Inaccuracy. e4 was best.} (9. e4) 9... c6 $6 $146 {[%eval 129,22] [%wdl 712,287,1] Inaccuracy. c5 was best.} (9... c5 10. Rb1 {[%eval -4,28] [%wdl 38,916,46]} (10. d5 $14 {[%eval 61,25] [%wdl 227,767,6]}) 10... Rc8 11. Qa4 {[%eval -62,30] [%wdl 6,760,234]} (11. d5 $14 {[%eval 35,27] [%wdl 114,871,15]}) 11... cxd4 $1 $15 12. Nxd4 Nc5 13. Qc2 Bxg2 14. Kxg2 d5 {[%eval -19,30] [%wdl 10,949,41] Prevents e4.} (14... Ncd7 $1 $17 {[%eval -88,26] [%wdl 1,610,389]} 15. Qa4 Nc5) 15. Rd1 {[%eval -104,27] [%wdl 0,464,536]} (15. cxd5 {[%eval -19,30] [%wdl 10,949,41]} Nxd5 16. Rd1) 15... Nce4 $1 $17 16. Nxe4 Nxe4 17. b3 Bc5 {[%cal Be4f2] ...Nxf2! is the strong threat.} 18. f3 Qf6 19. fxe4 {Black must now prevent Bb2.} Bxd4 20. e3 Be5 {aiming for ...dxc4.} 21. exd5 exd5 22. Rxd5 Rfe8 {[%cal Bb6b5]} 23. Qf2 $2 {[%eval -417,23] [%wdl 0,0,1000][%mdl 8192]} (23. Qd3 $14 {[%eval 67,28] [%wdl 153,847,0] keeps the upper hand.}) 23... Qg6 $19 24. e4 {[%eval -636,22] [%wdl 0,0,1000] Lasschuit,R (1887)-Wulf,G Bad Homburg 2010 0-1} (24. Rb2 {[%eval -404,27] [%wdl 0,0,1000]} Bxb2 25. Bxb2)) 10. e4 $16 {[%eval 129,0]} Rc8 {[%eval 196,23] [%wdl 953,47,0]} (10... d5 $16 {[%eval 127,27] [%wdl 699,300,1]}) 11. e5 $18 {[%eval 187,0]} dxe5 {[%eval 109,0]} 12. dxe5 {[%eval 194,0]} Nd7 {[%eval 197,0]} 13. Ne4 $6 {[%eval 129,0] Inaccuracy. b4 was best.} (13. b4) 13... h6 $6 {[%eval 196,26] [%wdl 960,40,0] Inaccuracy. c5 was best.} (13... c5 14. Neg5 (14. Nd6 Bxf3 15. Nxc8 Nxe5 16. Nxe7+ Qxe7 17. Bf4 Qb7 18. Bxe5 Bxg2 19. Rfe1) 14... g6) 14. b3 {[%eval 106,29] [%wdl 548,451,1]} (14. b4 $18 {[%eval 196,26] [%wdl 960,40,0]}) 14... Nac5 $6 {[%eval 216,25] [%wdl 979,21,0] Inaccuracy. c5 was best.} (14... c5 15. Nd6) 15. b4 $4 {[%eval 0,35] [%wdl 20,959,21] Blunder. Nd6 was best. [#]} (15. Nd6 Bxd6 16. exd6 Qf6 17. Be3 e5 18. Rad1 Ne6 19. Nh4 Rb8 20. Nf5 c5) 15... Nxe4 {[%eval 11,0]} 16. Qxe4 {[%eval 1,0]} {[%tqu "En","","","","d8c7","",10]} f5 $2 {[%eval 135,24] [%wdl 797,203,0] Mistake. Qc7 was best.} (16... Qc7) 17. Qe2 $2 {[%eval 12,30] [%wdl 32,955,13] Mistake. exf6 was best.} (17. exf6 Bxf6 18. Rb1 (18. Qxe6+ Rf7 19. Ra2 Nf8 20. Qg4 Rcc7 21. Rd2 Qc8 22. Qxc8 Rxc8)) 17... Qc7 {[%eval 68,0]} (17... c5 $5 {[%cal Ra7a6]}) 18. Bb2 {[%eval 31,0]} (18. c5 $5) 18... c5 {[%eval 3,0] Against Nd4} 19. b5 {[%eval 25,0]} Rfd8 {[%eval 25,0]} 20. a4 {[%eval 3,0][%cal Ba4a5]} Nf8 {[%eval 7,0]} 21. Bc3 {[%eval 47,0]} Nh7 $6 {[%eval 100,23] [%wdl 497,503,0] Inaccuracy. Qd7 was best.} (21... Qd7) 22. h4 $6 {[%eval 62,0] Inaccuracy. a5 was best.} (22. a5 Nf8 23. a6 Ba8 24. Rfd1 g5 25. Ne1 Rxd1 26. Rxd1 Bxg2 27. Nxg2 Rd8) 22... Rd7 {[%eval 82,0]} 23. Rfd1 {[%eval 25,34] [%wdl 52,940,8]} (23. a5 $16 {[%eval 78,26] [%wdl 300,699,1]}) 23... Rcd8 {[%eval 41,0]} 24. Ne1 {[%eval 44,0]} g5 {[%eval 81,0]} 25. Rxd7 {[%eval 42,0]} (25. g4 $5 {[%cal Rg4f5]}) 25... Rxd7 {[%eval 98,32] [%wdl 476,524,0]} (25... Qxd7 {[%eval 20,30] [%wdl 30,965,5] remains equal.} 26. Qh5 Bxg2 27. Nxg2 (27. Kxg2 Qb7+ 28. f3 Kg7) 27... Bf8) 26. Bxb7 $6 {[%eval 39,26] [%wdl 40,959,1] Inaccuracy. g4 was best.} (26. g4 fxg4) 26... Qxb7 $14 {[%eval 38,0]} 27. Ng2 {[%eval 3,0]} (27. g4 $5 {[%cal Rg4f5]}) 27... g4 $2 {[%eval 130,31] [%wdl 826,174,0] Mistake. gxh4 was best.} (27... Nf8 {[%eval 0,46] [%wdl 5,989,6]}) (27... gxh4) 28. Nf4 $6 {[%eval 70,27] [%wdl 173,827,0] Inaccuracy. a5 was best.} (28. a5 Nf8 29. Qe3 h5 30. Nf4 Qf3 31. Bd2 Qxe3 32. Bxe3 Kf7 33. Nxh5 Ng6) 28... Qc7 $4 {[%eval 493,23] [%wdl 1000,0,0][%mdl 8192] Blunder. Nf8 was best. [#]} (28... Nf8 29. a5) 29. a5 $4 {[%eval 233,22] [%wdl 999,1,0] Blunder. Nxe6 was best.} (29. Nxe6 Qb7 30. Qe3 (30. Nf4 Qf3 31. Qxf3 gxf3 32. Re1 Nf8 33. e6 Nxe6 34. Rxe6 Kf7)) 29... Nf8 $18 {[%eval 213,0] White is clearly better.} 30. axb6 {[%eval 195,0]} axb6 {[%eval 209,0]} {[%tqu "En","","","","e2e3","",10]} 31. Qe3 $1 {[%eval 168,0]} Kg7 {[%eval 156,0]} 32. Nh5+ {[%eval 205,0]} Kg6 {[%eval 174,0]} 33. Nf4+ {[%eval 176,0]} Kg7 {[%eval 186,0]} 34. Nh5+ {[%eval 185,0] Weighted Error Value: White=0.57/Black=0.74 PRECISÃO STOCKFISH 17.1: BRANCAS 84% PRETAS 81%} 1/2-1/2

[Event "I IRT CXG 2025"]
[Site "Rio de Janeiro"]
[Date "2025.04.19"]
[Round "8.1"]
[White "Macario, Jorge Luiz das Chag"]
[Black "Rovedo, Salomão"]
[Result "1-0"]
[WhiteElo "1787"]
[BlackElo "1727"]
[Annotator "Chessbase - SF 17.1"]
[PlyCount "61"]
[EventDate "2025.??.??"]
[EventCountry "BRA"]

1. d4 {[%eval 17,0]} d5 {[%eval 2,0]} 2. Nf3 {[%eval 8,0]} Nf6 {[%eval 11,0]} 3. e3 {[%eval 0,0]} e6 {[%eval 1,0]} 4. Bd3 {[%eval 3,0]} Be7 {[%eval 1,0]} 5. Nbd2 {[%eval 3,0]} O-O {[%eval 7,0]} 6. b3 {[%eval 4,0]} b6 {[%eval 11,0]} (6... c5 7. Bb2 Nc6 (7... b6 8. O-O Nbd7 9. Ne5 Nxe5 10. dxe5 Nd7 11. f4 f5 12. g4 Bb7 13. gxf5 exf5 14. Qh5 g6 15. Qh6 Re8 16. Nf3 Bf8 17. Qh3 Bg7 18. Kf2 Nf8 19. Ng5 Re7 20. Rg1 a6 21. Rad1 {De Sousa,D (2021)-Van Kooten,L (2213) chess.com INT 2024 0-1 (48)}) 8. a3 b6 9. Qe2 Bb7 10. dxc5 bxc5 11. e4 dxe4 12. Nxe4 Nd4 13. Nxd4 cxd4 14. Nxf6+ Bxf6 15. O-O Qd5 16. f3 Rac8 17. Rad1 Qc5 18. a4 Rfe8 19. Qf2 e5 20. Rfe1 Bd5 21. Bc1 {Shengelia,D (2567)-Studer,N (2478) Balatonszarszo 2017 1-0 (51)}) 7. Bb2 {[%eval 0,0]} a5 $146 {[%eval 0,0]} (7... Bb7 8. c4 (8. O-O Nbd7 (8... c5 9. Ne5 Nfd7 10. f4 f5 11. Qe2 Nf6 12. Rad1 Nbd7 13. c4 cxd4 14. exd4 Ne4 15. Nxd7 Qxd7 16. Nf3 Bd6 17. Ne5 Qe7 18. cxd5 exd5 19. Rc1 a6 20. Qh5 Rf6 21. Qe2 Rff8 22. Rc2 {Jodorcovsky Werjivker,P (2202)-Villalba,M (2225) Asuncion 2015 ½-½}) 9. Ne5 Ne4 10. f4 Nxe5 11. fxe5 f5 12. Bxe4 fxe4 13. Qg4 Qd7 14. Rf4 Rf5 15. Nf1 Raf8 16. h4 Qd8 17. g3 Bc6 18. c4 Bd7 19. Nh2 c6 20. Raf1 Qc8 21. Qh3 h5 22. Kh1 {Traila,A (1720)-Gheorghiu,A (1553) Calimanesti 2015 0-1 (53)}) 8... Ne4 9. O-O f5 10. cxd5 exd5 11. Ne5 Nd7 12. Nxd7 Qxd7 13. Nf3 Qe6 14. Ne5 c5 15. Qe2 Rac8 16. Rfc1 f4 17. exf4 Rxf4 18. f3 Nd6 19. Re1 Rc7 20. Qc2 Qh6 21. Bc1 g5 22. Bxf4 {Bezler,R (2269)-Fuchs,G (2219) Austria 2002 0-1 (34)}) 8. Qe2 {[%eval 12,0] The position is equal.} Bb4 $6 {[%eval 61,0] Inaccuracy. a4 was best.} (8... a4 9. a3) 9. a3 {[%eval 58,0]} Bxd2+ {[%eval 92,0]} 10. Nxd2 {[%eval 79,0]} (10. Kxd2 Ne4+ 11. Kc1 Bb7) 10... Ba6 {[%eval 77,0]} 11. c4 {[%eval 8,0]} Nbd7 {[%eval 109,0]} 12. O-O {[%eval 105,0]} Bb7 {[%eval 93,0]} 13. f3 {[%eval 62,0][%cal Bf2f3,Bf3f4][%mdl 32]} a4 $6 {[%eval 149,0] Inaccuracy. c5 was best.} (13... c5) 14. b4 {[%eval 105,0]} c6 {[%eval 165,0]} 15. e4 {[%eval 148,0][%cal Be3e4,Be4e5][%mdl 32]} h6 $6 {[%eval 252,0] Inaccuracy. Ba6 was best.} (15... Ba6 16. f4 Ne8 17. e5 f5 18. b5 dxc4 19. Bxc4 Bxb5 20. Bxe6+ Kh8 21. Bc4) 16. e5 {[%eval 192,0]} Nh7 $6 {[%eval 257,0] Inaccuracy. dxc4 was best.} (16... dxc4 17. Nxc4 Nd5 18. Qe4 f5 19. exf6 N7xf6 20. Qxe6+ Kh8 21. Ne5 Nf4 22. Ng6+) 17. f4 {[%eval 232,0]} f5 {[%eval 258,0]} 18. g4 {[%eval 224,0]} Qe7 {[%eval 275,0]} 19. gxf5 {[%eval 247,0]} exf5 {[%eval 295,0]} 20. Kh1 $6 {[%eval 186,0] Inaccuracy. Rf2 was best. Black must now prevent c5.} (20. Rf2 c5 21. cxd5 Bxd5 22. Nc4 cxd4 23. Bxd4 g5 24. Rg2 Qe6 25. Nd6 Kh8) 20... Rae8 $6 {[%eval 277,0] Inaccuracy. dxc4 was best.} (20... dxc4 21. Nxc4) 21. Rg1 $6 {[%eval 184,0] Inaccuracy. c5 was best. Qg2 is the strong threat.} (21. c5 Rf7 22. Qh5 Nhf6 23. Qxf5 Ne4 24. Qg6 Nf8 25. Qg2 bxc5 26. bxc5 Nxd2) 21... Kh8 $6 {[%eval 298,0] Inaccuracy. c5 was best.} (21... c5 22. Rg2 Kh8 23. Rag1 dxc4 24. Nxc4 cxd4 25. Bxd4 Qh4 26. Qf2 Qxf2 27. Bxf2) 22. Qh5 $2 {[%eval 20,24] [%wdl 31,964,5]} (22. c5 Rf7 23. Qh5 Ndf8 24. Nf3 Ne6 25. Bc1 Nhf8 26. cxb6 g6 27. Qh3 Rg7) 22... dxc4 {[%eval 4,0]} 23. Bxc4 $6 {[%eval 21,0] Inaccuracy. Nxc4 was best. And now Nf3 would win.} (23. Nxc4 c5+ {[#]} 24. Rg2 $1 $16) 23... c5+ {[%eval 19,0]} 24. d5 {[%eval 1,0] Strongly threatening b5.} Ndf6 $2 {[%eval 407,25] [%wdl 1000,0,0][%mdl 8192]} (24... b5 25. Bxb5) 25. exf6 $18 {[%eval 343,0]} Nxf6 {[%eval 311,0]} 26. Qg6 {[%eval 285,0]} Qd7 $6 {[%eval 389,0] Inaccuracy. Rd8 was best.} (26... Rd8 27. Rae1 Qf7 28. Nf3 Qxg6 29. Rxg6 cxb4 30. axb4 Bxd5 31. Bxd5 Rxd5 32. Reg1) 27. Nf3 {[%eval 377,0]} Bxd5 $6 {[%eval 661,21] [%wdl 1000,0,0] Inaccuracy. Re3 was best.} (27... Re7 {[%eval 394,23] [%wdl 1000,0,0]} 28. Rad1 cxb4) (27... Re3 28. bxc5 bxc5 29. Raf1 Rb3 30. Rg2 Ba8 31. Kg1 Rxf3 32. Rxf3 Qb7 33. Rf1) 28. Bxd5 {[%eval 538,0]} Re4 $6 {[%eval 721,0] Inaccuracy. Re7 was best. [#]} (28... Re7 29. Rad1 Nxd5 30. Qxh6+ Kg8 31. Rxd5 Qb7 32. Bxg7 Rxg7 33. Qe6+ Kh8 34. b5) 29. Be5 $6 {[%eval 542,0] Inaccuracy. Bxe4 was best.} (29. Bxe4 fxe4 30. Rad1 Qe7 31. Nh4 cxb4 32. Qg2 Qf7 33. Ng6+ Kg8 34. Nxf8 Kxf8) 29... Ng4 $4 {[%eval 32760,0] Checkmate is now unavoidable. Rxe5 was best.} (29... Rxe5 30. Bc6 (30. fxe5 Nxd5 31. Qd6 Qxd6 32. exd6 cxb4 33. axb4 Nf6 34. Rge1 Rc8 35. Rad1)) 30. Rxg4 $2 {[%eval 902,0] Lost forced checkmate sequence. Ng5 was best.} (30. Ng5 Nf6 31. Bxf6 gxf6 32. Qxh6+ Qh7 33. Qxh7#) 30... fxg4 $2 {[%eval 32766,0] Checkmate is now unavoidable. Rxe5 was best.} (30... Rxe5 31. Nxe5 Qe7 32. Rg2 Qf6 33. Re1 Qe7 34. bxc5 Qf6 35. Qg3 bxc5 36. Ng6+) 31. Qxh6# {Weighted Error Value: White=0.52/Black=0.88 PRECISÃO STOCKFISH 17.1: BRANCAS 88% PRETAS 80%} 1-0

[Event "I IRT CXG 2025"]
[Site "Rio de Janeiro"]
[Date "2025.04.19"]
[Round "8.2"]
[White "Santos Filho, Tadeu Souza"]
[Black "Mendes, Jorge Alberto Dacal"]
[Result "1-0"]
[WhiteElo "2017"]
[BlackElo "1870"]
[Annotator "Chessbase - SF 17.1"]
[PlyCount "41"]
[EventDate "2025.??.??"]
[EventCountry "BRA"]

1. e4 {[%eval 18,0]} e5 {[%eval 21,0]} 2. Nf3 {[%eval 13,0]} Nc6 {[%eval 21,0]} 3. Nc3 {[%eval 6,0]} Nf6 {[%eval 7,0]} 4. g3 {[%eval 7,0]} Bc5 {[%eval 8,0]} 5. Nxe5 $4 {[%eval -175,0] Blunder. Bg2 was best.} (5. Bg2 d6 6. O-O O-O 7. d3 a5 8. Bg5 h6 9. Bxf6 Qxf6) 5... Bxf2+ $4 {[%eval 166,23] [%wdl 921,79,0][%mdl 8192] Blunder. Nxe5 was best. [#]} (5... Nxe5 6. Bg2 (6. d4 $2 Bxd4 7. f4 Nc6 $19) 6... Nc6 7. Ne2 Bb6 8. d4 O-O 9. O-O d6 10. c3) 6. Kxf2 $18 {[%eval 135,0]} Nxe5 {[%eval 162,0]} 7. d4 {[%eval 104,0]} Neg4+ {[%eval 177,0]} 8. Kg2 {[%eval 224,0] White is clearly better.} d6 $6 $146 {[%eval 321,0] Inaccuracy. d5 was best. Inhibits e5.} (8... b6 9. Be2 h5 10. Bg5 Bb7 11. Bf3 d6 12. Re1 Nxh2 13. Bxf6 Qxf6 14. Kxh2 O-O-O 15. Rf1 Qh6 16. Kg2 Kb8 17. Rh1 g6 18. Qc1 Qg7 19. Qd2 f5 20. Rad1 g5 21. exf5 Bxf3+ 22. Kxf3 Rdf8 23. Kg2 {Sinervuo,V (2015)-Leino,P Finland 2004 1-0 (36)}) (8... d5 9. h3 Nh6 10. e5 (10. Bxh6 gxh6 11. e5 Ne4 12. Bd3 Nxc3 13. bxc3 Rg8 14. h4) 10... Nfg8 11. Bd3 Be6 12. Ne2 Qd7 13. Nf4 Bf5 14. Qf3 O-O-O 15. Rf1 Ne7 16. g4 Bxd3 17. Nxd3 Ng6 18. Kh1 Rhf8 19. Bg5 Rde8 20. Nc5 Qc6 21. Bxh6 gxh6 22. Qf5+ Kd8 23. Rf2 {Lutz,A (2166)-Gerhards,W (1993) Merano 2011 1-0 (33)}) 9. h3 {[%eval 315,0]} Nh6 {[%eval 284,0]} 10. Qf3 {[%eval 268,0]} O-O {[%eval 304,0]} 11. g4 {[%eval 301,0]} Nfxg4 {[%eval 334,0]} 12. hxg4 {[%eval 304,0]} Nxg4 {[%eval 341,0]} 13. Bc4 {[%eval 315,0]} Qf6 $6 {[%eval 443,0] Inaccuracy. b5 was best.} (13... b5 14. Bd3 g6 15. Bd2 h5 16. Raf1 Bb7 17. Ne2 c5 18. Ng3 f5 19. d5) 14. Qxf6 {[%eval 417,0]} gxf6 {[%eval 477,0]} 15. Bf4 {[%eval 457,0] White is clearly winning.} Be6 {[%eval 477,0]} 16. Be2 {[%eval 474,0]} Kh8 {[%eval 471,0]} 17. Bxg4 {[%eval 446,0]} Rg8 {[%eval 447,0] [#]} 18. Rh4 $1 {[%eval 404,0]} Bxg4 {[%eval 435,0]} (18... Rxg4+ 19. Rxg4) 19. Kf2 {[%eval 423,0]} Be6 {[%eval 501,0]} 20. Nb5 {[%eval 469,0]} Rg6 {[%eval 567,0]} 21. Rah1 {[%eval 548,0] Weighted Error Value: White=0.14 (very precise) /Black=0.82 PRECISÃO STOCKFISH 17.1: BRANCAS 89% PRETAS 77%} 1-0